| 000 | 01156cam a22003733a 4500 | ||
|---|---|---|---|
| 001 | 16392 | ||
| 003 | PGUSA | ||
| 005 | 20140828083341.0 | ||
| 008 | 050730s2005||||xxu|||||s|||||000 1 eng d | ||
| 040 |
_aPGUSA _beng |
||
| 042 | _adc | ||
| 050 | 4 | _aPS | |
| 100 | 1 |
_aStowe, Harriet Beecher, _d1811-1896 |
|
| 245 | 1 | 0 |
_aSetä Tuomon tupa _h[electronic resource] / _cHarriet Beecher Stowe |
| 260 |
_bProject Gutenberg, _c2005 |
||
| 500 | _aTranslation of: Uncle Tom's Cabin | ||
| 506 | _aPublic domain in the USA. | ||
| 516 | _aElectronic text | ||
| 653 | _aSlavery -- Fiction | ||
| 653 | _aMaster and servant -- Fiction | ||
| 653 | _aPolitical fiction | ||
| 653 | _aPlantation life -- Fiction | ||
| 653 | _aSlaves -- Fiction | ||
| 653 | _aDidactic fiction | ||
| 653 | _aAfrican Americans -- Fiction | ||
| 653 | _aUncle Tom (Fictitious character) -- Fiction | ||
| 653 | _aFugitive slaves -- Fiction | ||
| 653 | _aSouthern States -- Fiction | ||
| 700 | 1 |
_aSuppanen, Aatto, _d1855-1898 |
|
| 700 | 1 |
_aFogowitz, A. H., _d1858-1909 |
|
| 830 | 0 |
_aProject Gutenberg _v16392 |
|
| 856 | 4 | 0 | _uhttp://www.gutenberg.org/ebooks/16392 |
| 942 | _cEB | ||
| 999 |
_c245647 _d245647 |
||